| 000 | 00876cam a2200205 4500 | ||
|---|---|---|---|
| 001 | ABS67111 | ||
| 008 | 030924n2003 000 0 eng u | ||
| 035 | _a(Sirsi) u123709 | ||
| 245 | _aChannel Tunnel Rail Link | ||
| 260 | _c2003 | ||
| 490 |
_aNew Civil Engineer _v(1497) September 2003, I-XVIII(15) |
||
| 520 | _aSeries of articles on the opening of section one of the Channel Tunnel Rail Link. Covers the financial history of the project, the challenges encountered in the construction, comments from and experiences of the people involved, how the project dealt with the local communities and environment and looks forward to the completion of section two. | ||
| 590 | _aABS | ||
| 650 | _aCHANNEL TUNNEL RAIL LINK | ||
| 650 | _aRAIL PROJECTS | ||
| 650 | _aRAIL ROUTES | ||
| 650 | _aCONSTRUCTION PROJECTS | ||
| 690 | _aTRANSPORT AND COMMUNICATIONS | ||
| 942 | _n0 | ||
| 999 |
_c73450 _d73450 |
||